10 najmniejszych państw świata - Statystyki

Ogólne statystyki
  • Ten quiz został rozwiązany 103 razy
  • Średni wynik to 6 z 10
Statystyki odpowiedzi
Hint Odpowiedź % Poprawnych
0,44 Watykan
99%
160,48 km San Marino
89%
160,48 km Liechtenstein
77%
1,95 Monako
76%
19,km Nauru
55%
246 km² Malta
52%
26 km² Tuvalu
49%
261 km² Saint Kitts I Nevis
44%
181 km² Wyspy Marshalla
31%
297,8 km² Malediwy
25%
Nie znaleziono quizów pasujących do podanych kryteriów
Rozkład punktacji
Procent ludzi z każdym wynikiem
Percentyl według liczby udzielonych odpowiedzi
Twoja historia wyników
Nie rozwiązałeś tego quizu